| 000 -LEADER |
| fixed length control field |
02352nam a22006017a 4500 |
| 001 - CONTROL NUMBER |
| control field |
9748415 |
| 003 - CONTROL NUMBER IDENTIFIER |
| control field |
LIBRIS |
| 005 - DATE AND TIME OF LATEST TRANSACTION |
| control field |
20241104132755.0 |
| 008 - FIXED-LENGTH DATA ELEMENTS--GENERAL INFORMATION |
| fixed length control field |
041219s2005 enk||||f||||||001 0|eng| |
| 015 ## - NATIONAL BIBLIOGRAPHY NUMBER |
| National bibliography number |
GBA489489 |
| Source |
bnb |
| 020 ## - INTERNATIONAL STANDARD BOOK NUMBER |
| International Standard Book Number |
0415333709 |
| Qualifying information |
hbk. |
| 020 ## - INTERNATIONAL STANDARD BOOK NUMBER |
| International Standard Book Number |
0415333717 |
| Qualifying information |
pbk. |
| 035 ## - SYSTEM CONTROL NUMBER |
| System control number |
(Uk)013064134 |
| 040 ## - CATALOGING SOURCE |
| Original cataloging agency |
eng |
| Modifying agency |
eng |
| Description conventions |
a |
| Transcribing agency |
DLC |
| 041 ## - LANGUAGE CODE |
| Language code of text/sound track or separate title |
eng |
| 080 ## - UNIVERSAL DECIMAL CLASSIFICATION NUMBER |
| Universal Decimal Classification number |
811.353.1 |
| Item number |
H-63 |
| 082 04 - DEWEY DECIMAL CLASSIFICATION NUMBER |
| Classification number |
499.96982421 |
| Edition number |
22 |
| 084 ## - OTHER CLASSIFICATION NUMBER |
| Classification number |
Fxha.01 |
| Number source |
kssb/8 |
| 100 1# - MAIN ENTRY--PERSONAL NAME |
| Personal name |
Hewitt, B. G. |
| Authority record control number or standard number |
https://libris.kb.se/tr58f8mc16tn88x#it |
| 245 10 - TITLE STATEMENT |
| Title |
Georgian : |
| Remainder of title |
a learner's grammar / |
| Statement of responsibility, etc. |
George Hewitt. |
| 250 ## - EDITION STATEMENT |
| Edition statement |
2nd ed. |
| 260 ## - PUBLICATION, DISTRIBUTION, ETC. |
| Place of publication, distribution, etc. |
London : |
| Name of publisher, distributor, etc. |
Routledge, |
| Date of publication, distribution, etc. |
2005 |
| 300 ## - PHYSICAL DESCRIPTION |
| Extent |
xiv, 482 p. |
| Dimensions |
24 cm. |
| 340 ## - PHYSICAL MEDIUM |
| Dimensions |
24 cm. |
| 490 1# - SERIES STATEMENT |
| Series statement |
Essential grammars |
| 500 ## - GENERAL NOTE |
| General note |
Previous ed.: 1996. |
| 500 ## - GENERAL NOTE |
| General note |
Includes index. |
| 650 #7 - SUBJECT ADDED ENTRY--TOPICAL TERM |
| Topical term or geographic name entry element |
Georgiska spr�ket |
| Authority record control number or standard number |
https://id.kb.se/term/sao/Georgiska%20spr%C3%A5ket |
| Source of heading or term |
sao |
| 650 #7 - SUBJECT ADDED ENTRY--TOPICAL TERM |
| Topical term or geographic name entry element |
Grammatik |
| Authority record control number or standard number |
https://id.kb.se/term/sao/Grammatik |
| Source of heading or term |
sao |
| 650 #0 - SUBJECT ADDED ENTRY--TOPICAL TERM |
| Topical term or geographic name entry element |
Georgian language |
| General subdivision |
Grammar. |
| 650 #0 - SUBJECT ADDED ENTRY--TOPICAL TERM |
| Topical term or geographic name entry element |
Georgian language |
| Form subdivision |
Textbooks for foreign speakers |
| General subdivision |
English. |
| 650 #0 - SUBJECT ADDED ENTRY--TOPICAL TERM |
| Topical term or geographic name entry element |
Georgian language |
| 650 #0 - SUBJECT ADDED ENTRY--TOPICAL TERM |
| Topical term or geographic name entry element |
Grammar, Comparative and General |
| Authority record control number or standard number |
(DLC)sh 85056260 |
| 653 ## - INDEX TERM--UNCONTROLLED |
| Uncontrolled term |
ქართული ენა |
| 653 ## - INDEX TERM--UNCONTROLLED |
| Uncontrolled term |
ქართული ენის გრამატიკა |
| 830 #0 - SERIES ADDED ENTRY--UNIFORM TITLE |
| Uniform title |
Essential grammars |
| 887 ## - NON-MARC INFORMATION FIELD |
| Content of non-MARC field |
{"@id":"tb43v6q539zdtx0","modified":"2018-10-30T23:00:00+01:00","checksum":"106353889816"} |
| Source of data |
librisxl |
| 887 ## - NON-MARC INFORMATION FIELD |
| Content of non-MARC field |
{"@id":"04b7b2z54zhcvk4","modified":"2018-01-08T12:04:58+01:00","checksum":"57048646304"} |
| Source of data |
librisxl |
| 887 ## - NON-MARC INFORMATION FIELD |
| Content of non-MARC field |
{"@id":"26dxc4v71wg4v88","modified":"2013-07-22T10:54:00+02:00","checksum":"47603488139"} |
| Source of data |
librisxl |
| 900 1s - EQUIVALENCE OR CROSS-REFERENCE-PERSONAL NAME [LOCAL, CANADA] |
| Linkage |
100 |
| Affiliation |
Hewitt, B. G. |
| 900 1s - EQUIVALENCE OR CROSS-REFERENCE-PERSONAL NAME [LOCAL, CANADA] |
| Linkage |
100 |
| Affiliation |
Hewitt, B. G. |
| 900 1s - EQUIVALENCE OR CROSS-REFERENCE-PERSONAL NAME [LOCAL, CANADA] |
| Linkage |
100 |
| Dates associated with a name |
1949- |
| Affiliation |
Hewitt, B. G. |
| 900 1s - EQUIVALENCE OR CROSS-REFERENCE-PERSONAL NAME [LOCAL, CANADA] |
| Linkage |
100 |
| Dates associated with a name |
1949- |
| Affiliation |
Hewitt, B. G. |
| 900 1s - EQUIVALENCE OR CROSS-REFERENCE-PERSONAL NAME [LOCAL, CANADA] |
| Linkage |
100 |
| Affiliation |
Hewitt, B. G. |
| 942 ## - ADDED ENTRY ELEMENTS (KOHA) |
| Source of classification or shelving scheme |
|
| Koha item type |
Books |
| Edition |
2 |